| 000 | 00493nam a22001937a 4500 | ||
|---|---|---|---|
| 003 | MPLRDC | ||
| 005 | 20220104123838.0 | ||
| 008 | 210129b ||||| |||| 00| 0 eng d | ||
| 020 | _a957-9592-01-2 | ||
| 082 | _a177.3 CAR-2 v.1 c.2 | ||
| 100 | _aDALE CARNEGIE 原著; 林其浩编 | ||
| 245 |
_a快乐工作享爱人生 _c |
||
| 250 | _a初版四刷 | ||
| 260 |
_a _b丝路出版社 _c1991 |
||
| 300 | _b平 | ||
| 490 | _a励志心理;1 | ||
| 650 | _a | ||
| 942 |
_cBK _o177.3 CAR-2 v.1 c.2 |
||
| 999 |
_c14655 _d14645 |
||